Crush hommes connus - Statistiques

Statistiques générales
  • Ce quiz a été pris 85 fois
    43 depuis la dernière actualisation
  • Le résultat moyen est 19 sur 64
Statistiques - réponses
Par images Hint Réponse % Correct
Brésil - Al Hilal Neymar JR
97%
France - Real Madrid Kylian Mbappe
94%
Outer Banks JJ Maybank
81%
L'été ou je suis devenue jolie Jeremiah Fisher
72%
Youtubeur Djilsi
69%
A contre sens Nick Leister
64%
Outer Banks John B Routledge
61%
Youtubeur Nicotine
61%
Maroc - PSG Ashraf Hakimi
58%
The Vampire Diaries Stefan Salvatore
58%
A travers ma fenetre Ares Hidalgo
53%
Ma vie avec les Walter boys Cole Walter
53%
The Original Klaus Mikaelson
53%
Xo Kitty Minho
53%
The Maze Runner Newt
50%
Rappeur americain Central Cee
47%
The Original Elijah Mikaelson
47%
Angleterre - Real Madrid Jude Bellingham
47%
The Vampire Diaries Tyler Lockwood
47%
The Vampire Diaries Enzo St-John
42%
The Vampire Diaries Jeremy Gilbert
42%
The Maze Runner Thomas
42%
Youtubeur / Chanteur Théo Juice
39%
The Vampire Diaries Kai Parker
36%
The 100 Bellamy Blake
31%
Youtubeur Byilhan
31%
Teen Wolf Derek Hale
31%
The Maze Runner Minho
31%
La Casa de Papel Rio
31%
Teen Wolf Scott McCall
28%
Shameless Carl Gallagher
25%
France - PSG Bradley Barcola
22%
The Original Kol Mikaelson
22%
The Original Marcel Gerard
22%
France - Real Madrid Aurélien Tchouaméni
19%
The 100 Lincoln Kom Trikru
19%
13 Reason's Why Clay Janson
17%
Shameless Ian Gallagher
17%
Brésil - PSG Marquinhos
17%
Portugal - Chelsea Joao Felix
14%
France - AC Milan Théo Hernandez
14%
Teen Wolf Theo Raeken
14%
13 Reason's Why Tony Padilla
11%
Portugal - PSG Vitinha
11%
Le fabricant de larmes Rigel Wilde
8%
Euphoria Ashtray
6%
Karaté Kids Daniel Larusso
6%
Locke and Key Gabe
6%
Espagne - Barça Hector Fort
6%
France - AC Milan Mike Maignan
6%
Brésil - Real Madrid Rodrygo Goes
6%
The Original Aiden
3%
The Walking Dead Glenn Rhee
3%
Squid Game Hwang Jun-Ho
3%
The 100 Ilian Kom Trishanakru
3%
France - Bayern Michael Olise
3%
Mortel Sofiane
3%
The Walking Dead Aaron
0%
Espagne - Barça Fermin Lopez
0%
Narcos Javier Pena
0%
Fear The Walking Dead Nicholas Clark
0%
Mortel Obé
0%
Legacies Rafael Waithe
0%
Legacies Sebastien
0%
Aucun quiz correspondant
Distribution des résultats
% des personnes avec chaque résultat
Percentile par nombre de réponses
Votre historique - résultats
Vous n’avez pas pris ce quiz depuis la dernière actualisation